Disinclination, appropriation, poetization
| Titel: | Disinclination, appropriation, poetization : Hugo von Hofmannsthal's evolving engagement with Poland and Polish Galicia before, during, and after the Great War / John David Pizer |
|---|---|
| Verfasser: | |
| In: |
The German quarterly, Band 88, Heft 2 (2015), Seite 189-203 alle Artikel anzeigen |
| Veröffentlicht: | 2015 |
| Format: | Aufsatz |
| Sprache: | Englisch |
X
alg: 36532167 001A $04504:14-10-15 001B $01999:12-07-19 $t16:22:52.000 001C $04504:14-10-15 $t11:09:54.000 001D $04504:14-10-15 001U $0utf8 001X $00 002@ $0Aou 003@ $0365321672 007A $0365321672 $aHEB 010@ $aeng 011@ $a2015 021A $aDisinclination, appropriation, poetization $dHugo von Hofmannsthal's evolving engagement with Poland and Polish Galicia before, during, and after the Great War $hJohn David Pizer 028A $#Pizer, John David $#Pizer, John D. $#Pizer, John $#Pizer, John D. $7142913537 $8Pizer, John David$Z1953- [Tp1] $9229035027 031A $d88 $e2 $h189-203 $j2015 039B $aIn: $8--Abvc--. The @German quarterly. - Cherry Hill, NJ : AATG, 1928-2022. - ISSN 0016-8831 $x201500000880002811 $9047296828 044K $#הופמנסטל, הוגן פון $#Hofmannsthal, Hugo Laurenz August von Edler $#Hofmannsthal, Hugo v. $#Hofmannsthal, Hugo $#Hofmannsthal, Hugo H. von $#Hofmannsthal, Hugo von H. $#Von Hofmannsthal, Hugo $#Hofmannsthal-Schnitzler $#Hoffmansthal, Hugo von $#Hofmansthal, Hugo von $#Hofmannstal, Hugo von $#Hofmanstal, Hugo fon $#Hofmann von Hofmannsthal, Hugo $#Hofmann von Hofmannsthal, Hugo von $#Hofmann, Hugo Laurenz August $#Hoffmann von Hofmannsthal, Hugo $#Hofumansutāru $#Chofmanstal, Chugo von $#Loris $#Melikow, Loris $#Hofmannsthal, Hugo Hoffmann von $#Gofmanstal, Gugo fon $#Eranos $#フーゴ・フォン・ホーフマンスタール $7118552759 $8Hofmannsthal, Hugo$cvon$Z1874-1929 [Tp1] $9086893785 044K $RBild $RPolen $RMotiv $74046498-2 $8Polenbild [Ts1] $9085129828 044K $RMotiv $RGalizienbild $74255471-8 $8Galizien$gMotiv [Ts1] $9086355260 045T $a7,20 045T $aLING $qDE-30 $2FID 045T $aGER $qDE-30 $2FID 045V $aHofmannsthal, Hugo von $816.15.00$jZu einzelnen Autoren [Tkx] $9118843702 lok: 36532167 62 exp: 36532167 62 1 #EPN 201B/01 $014-10-15 $t22:08:15.000 203@/01 $0761886141 208@/01 $a14-10-15 $be 209A/01 $a/ $f000 $x00 209B/01 $a2015 $x05 247C/01 $8Frankfurt, Bibliographie der Deutschen Sprach- und Literaturwissenschaft $9113214561 201U/01 $0utf8 lok: 36532167 78 exp: 36532167 78 1 #EPN 201B/01 $021-08-18 $t14:19:31.000 201C/01 $021-08-18 201U/01 $0utf8 203@/01 $01026538688 208@/01 $a21-08-18 $be 209A/01 $a/ $f000 $x00 209A/01 $ab*p $x01 220C/01 $apgar 244Z/01 $#Generalgouvernement Polen $#Polska $#Rzeczpospolita Polska $#Polska Rzeczpospolita Ludowa $#Poland $#Pologne $#République Polonaise $#Generalne Gubernatorstwo w Polsce $#Polish People's Republic $#Polska Rzeczpospolita Polen $#PRL $#RP $#Polen Generalgouvernement $#Polska Generalgouvernement $#Besetzte Polnische Gebiete $#Besetztes Gebiet in Polen $#Okupowane Polskie Obszary $#Obszary Okupowane w Polsce $#Volksrepublik Polen $#Polska Rosyjska $#Republic Polen $#Respublika Pol'ša $#Pol'skaja Narodnaja Respublika $#République de Pologne $#Polen Links der Weichsel $#Polska po Lewej Stronie Wisły $#Lenkija $#Polija $#Gubernija Carstva Pol'skago $#Republik Polen $74046496-9 $8--Tg1--Polen $x01 $9085129801 247C/01 $82080>Marburg/Lahn, Herder-Institut, Forschungsbibliothek, Bibliographieportal $9336309341
| LEADER | 00000caa a2200000 c 4500 | ||
|---|---|---|---|
| 001 | 365321672 | ||
| 003 | DE-603 | ||
| 005 | 20190712162252.0 | ||
| 007 | tu | ||
| 008 | 151014s2015 xx |||| | u00||u|eng c | ||
| 035 | |a (DE-599)HEB365321672 | ||
| 040 | |a DE-603 |b ger |c DE-603 |d DE-603 | ||
| 041 | |a eng | ||
| 084 | |a 7,20 |2 ssgn | ||
| 084 | |a LING |q DE-30 |2 fid | ||
| 084 | |a GER |q DE-30 |2 fid | ||
| 100 | 1 | |a Pizer, John David |d 1953- |0 (DE-603)229035027 |0 (DE-588)142913537 |2 gnd | |
| 245 | 0 | 0 | |a Disinclination, appropriation, poetization |b Hugo von Hofmannsthal's evolving engagement with Poland and Polish Galicia before, during, and after the Great War |c John David Pizer |
| 264 | 0 | |c 2015 | |
| 600 | 1 | 7 | |a Hofmannsthal, Hugo von |d 1874-1929 |0 (DE-588)118552759 |0 (DE-603)086893785 |2 gnd |
| 650 | 7 | |a Polenbild |0 (DE-588)4046498-2 |0 (DE-603)085129828 |2 gnd | |
| 650 | 7 | |a Galizien |g Motiv |0 (DE-588)4255471-8 |0 (DE-603)086355260 |2 gnd | |
| 773 | 0 | 8 | |i In: |t The German quarterly |d Cherry Hill, NJ : AATG, 1928-2022 |h 26 cm |x 0016-8831 |g Band 88, Heft 2 (2015), Seite 189-203 |w (DE-603)047296828 |w (DE-600)207506-4 |
| 924 | 0 | |9 603 |a (DE-603)761886141 |b DE-603 |c HES |d d | |
| 924 | 0 | |9 2080 |a (DE-603)1026538688 |b DE-2080 |c HES |d d |g / | |


